zpět

Detail výsledku týmu

Klub Tyjátr, Svitavy

Datum a čas kvízu

32.5 Celkem bodů Celkový počet nahraných bodů na tomto kvízu bez doplňovacích otázek.
3. Pořadí na kvízu Konečné umístění týmu na tomto kvízu.

Zaznamenané odpovědi

# Otázka Odpověď Body Výsledky
1. Jak se jmenovala žena, jejíž s... Olga Kočková 1
2. Letadlo ruského ministra zahra... v Brazílii 0
3. Letošní vyhlášení tuzemských k... Muriel 1
4. Japonští vědci minulý týden oz... ze dřeva 1
5. Jeden teprve osmnáctiletý česk... Jakub Menšík, Katar 0.5
6. Součástí televizního programu... Hodina pravdy 1
7. Milovníkům AZ-kvízu či zábavný... pěstební dělnice 1
8. Napište název televizní soutěž... Kufr 1
9. V dnešní době je velmi populár... 1D 2A 3B 4C 1
10. Kdo z uvedených nikdy nemodero... D 1